000 00519nam a2200205 a 4500
001 BRCA_6935
005 20190320205640.0
008 171111s1911----gw-a######---#000-0#ger-#
041 _ager
044 _agw
050 4 _aPT2603
_b.A63 1911
100 1 _aBartsh, Rudolf Hans
_917286
245 1 0 _aBittersüsse Liebesgeschichten
260 _aLeipzig, Alemania
_bL. Staackmann
_c1911
300 _a340 p.
_bil.
_c20 cm.
500 _aO159
650 1 4 _aLiteratura austriaca
_915490
902 _aGFM
942 _2lcc
_cB
999 _c6617
_d6617